000 00353nam a22001217a 4500
008 230619b xxu||||| |||| 00| 0 eng d
082 _a305.4
_bUN
100 _cGOK
245 _aSituation Analysis of children & Women in Kenya
_b1998
_cA government of kenya & UNICEF Publication
260 _aNairobi, Kenya
_bGok
_c1998
300 _a250p
942 _2ddc
_cBK
999 _c1410
_d1410